000 00437nam a2200181Ia 4500
001 10611
005 20260306161845.0
008 260306t2010||||xx |||||||||||||| ||spa||
041 _aESP
082 _a944.046
_bCH527
100 _aChateaubriand, Francois-René de
_eAUT
245 0 _aMemorias de ultratumba
260 _c2010
300 _a1654 páginas :
_c21 cm.
650 _aGEN
654 _aCHU
942 _cLIB
_dJUS
_fJUS
_2ddc
_n
999 _c10611
_d10611